Toutes les communes des Yvelines avec une carte - Statistiques

Statistiques générales
  • Ce quiz a été pris 4 550 fois
    4 548 depuis la dernière actualisation
  • Le résultat moyen est 47 sur 259
Réponses sur la Carte
Les réponses sont colorées sur une échelle allant du rouge au vert en fonction du pourcentage des utilisateurs qui les ont devinées à leur premier essai. Vous pouvez retrouver ces pourcentages ci-dessous.
 
Statistiques - réponses
Communes % Correct
Versailles
91%
Mantes-la-Jolie
79%
Saint-Germain-en-Laye
78%
Rambouillet
76%
Trappes
72%
Poissy
70%
Plaisir
64%
Mantes-la-Ville
61%
Les Mureaux
57%
Sartrouville
55%
Élancourt
54%
Montigny-le-Bretonneux
53%
Houilles
52%
Saint-Cyr-l'École
52%
Guyancourt
51%
Chatou
49%
Achères
47%
Conflans-Sainte-Honorine
47%
Le Pecq
47%
Le Vésinet
47%
Marly-le-Roi
45%
Maurepas
43%
Vélizy-Villacoublay
42%
Viroflay
42%
Houdan
41%
Buc
40%
Maisons-Laffitte
40%
Aubergenville
39%
Le Chesnay-Rocquencourt
39%
Orgeval
39%
Carrières-sur-Seine
38%
Carrières-sous-Poissy
37%
Coignières
37%
Jouy-en-Josas
36%
Bois-d'Arcy
35%
Bougival
35%
La Verrière
35%
La Celle-Saint-Cloud
34%
Les Clayes-sous-Bois
34%
Saint-Rémy-lès-Chevreuse
34%
Verneuil-sur-Seine
34%
Vernouillet
34%
Voisins-le-Bretonneux
34%
Chambourcy
33%
Chevreuse
33%
Maule
33%
Croissy-sur-Seine
32%
Louveciennes
32%
Limay
31%
Villepreux
31%
Beynes
30%
Saint-Nom-la-Bretèche
30%
Andrésy
29%
Chanteloup-les-Vignes
29%
Épône
29%
Les Essarts-le-Roi
29%
Thoiry
29%
Triel-sur-Seine
29%
Fontenay-le-Fleury
28%
Montesson
28%
Noisy-le-Roi
28%
Gargenville
27%
Le Perray-en-Yvelines
27%
Magny-les-Hameaux
27%
Montfort-l'Amaury
27%
La Queue-lez-Yvelines
25%
Ablis
24%
Bailly
24%
Le Port-Marly
24%
Rosny-sur-Seine
24%
Neauphle-le-Château
23%
Porcheville
23%
Saint-Arnoult-en-Yvelines
23%
Bonnières-sur-Seine
22%
Feucherolles
22%
Jouars-Pontchartrain
22%
Le Mesnil-Saint-Denis
22%
Villennes-sur-Seine
22%
Flins-sur-Seine
21%
L'Étang-la-Ville
21%
Mareil-Marly
21%
Mézières-sur-Seine
21%
Les Loges-en-Josas
20%
Magnanville
20%
Maurecourt
20%
Meulan-en-Yvelines
20%
Châteaufort
19%
Clairefontaine-en-Yvelines
19%
Ecquevilly
19%
Issou
19%
Le Mesnil-le-Roi
19%
Méré
19%
Orgerus
19%
Dampierre-en-Yvelines
18%
Villiers-Saint-Frédéric
18%
Buchelay
17%
Hardricourt
17%
Mareil-sur-Mauldre
17%
Toussus-le-Noble
17%
Vaux-sur-Seine
17%
Gambais
16%
Garancières
16%
Juziers
16%
Neauphle-le-Vieux
16%
Aulnay-sur-Mauldre
15%
Cernay-la-ville
15%
Crespières
15%
Gazeran
15%
Saint-Léger-en-Yvelines
15%
Tacoignières
15%
Aigremont
14%
Medan
14%
Morainvilliers
14%
Nézel
14%
Bouafle
13%
Bréval
13%
Chavenay
13%
Les Mesnuls
13%
Sonchamp
13%
Auffargis
12%
Béhoust
12%
Chapet
12%
Les Alluets-le-Roi
12%
Maulette
12%
Rennemoulin
12%
Richebourg
12%
Septeuil
12%
Thiverval-Grignon
12%
Auteuil
11%
Bazainville
11%
Freneuse
11%
Guerville
11%
Lévis-Saint-Nom
11%
Saint-Germain-de-la-Grange
11%
Saint-Lambert
11%
Senlisse
11%
Vert
11%
Allainville
10%
Bazemont
10%
Bullion
10%
Choisel
10%
Condé-sur-Vesgre
10%
Évecquemont
10%
Gambaiseuil
10%
Jumeauville
10%
La Falaise
10%
Le Tremblay-sur-Mauldre
10%
Marcq
10%
Poigny-la-Forêt
10%
Rochefort-en-Yvelines
10%
Saint-Rémy-l'Honoré
10%
Vicq
10%
Adainville
9%
Andelu
9%
Autouillet
9%
Bazoches-sur-Guyonne
9%
Boissy-sans-Avoir
9%
Davron
9%
Galluis
9%
Grosrouvre
9%
Jambville
9%
La Celle-les-Bordes
9%
Les Bréviaires
9%
Milon-la-Chapelle
9%
Orphin
9%
Vieille-Église-en-Yvelines
9%
Arnouville-lès-Mantes
8%
Bonnelles
8%
Herbeville
8%
La Boissière-École
8%
Longnes
8%
Mézy-sur-Seine
8%
Moisson
8%
Orcemont
8%
Saint-Forget
8%
Blaru
7%
Drocourt
7%
Flexanville
7%
Fontenay-Saint-Père
7%
Guernes
7%
Hargeville
7%
Hermeray
7%
Limetz-Villez
7%
Mareil-le-Guyon
7%
Millemont
7%
Montainville
7%
Oinville-sur-Montcient
7%
Prunay-en-Yvelines
7%
Saulx-Marchais
7%
Villiers-le-Mahieu
7%
Bennecourt
6%
Bourdonné
6%
Breuil-Bois-Robert
6%
Brueil-en-Vexin
6%
Chaufour-lès-Bonnières
6%
Dammartin-en-Serve
6%
Émancé
6%
Follainville-Dennemont
6%
Gaillon-sur-Montcient
6%
Goussonville
6%
Jouy-Mauvoisin
6%
Longvilliers
6%
Méricourt
6%
Mousseaux-sur-Seine
6%
Neauphlette
6%
Notre-Dame-de-la-Mer
6%
Osmoy
6%
Perdreauville
6%
Rolleboise
6%
Sainte-Mesme
6%
Saint-Hilarion
6%
Tessancourt-sur-Aubette
6%
Tilly
6%
Boinville-en-Mantois
5%
Boinville-le-Gaillard
5%
Boissy-Mauvoisin
5%
Civry-la-Forêt
5%
Cravent
5%
Dannemarie
5%
Gommecourt
5%
Goupillières
5%
Grandchamp
5%
Gressey
5%
Guitrancourt
5%
La Hauteville
5%
Lommoye
5%
Mittainville
5%
Orsonville
5%
Orvilliers
5%
Paray-Douaville
5%
Ponthévrard
5%
Raizeux
5%
Rosay
5%
Sailly
5%
Saint-Illiers-la-ville
5%
Saint-Martin-de-Bréthencourt
5%
Saint-Martin-la-Garenne
5%
Soindres
5%
Villette
5%
Auffreville-Brasseuil
4%
Boinvilliers
4%
Boissets
4%
Courgent
4%
Favrieux
4%
Flacourt
4%
Flins-Neuve-Église
4%
Fontenay-Mauvoisin
4%
Lainville-en-Vexin
4%
La Villeneuve-en-Chevrie
4%
Le Tartre-Gaudran
4%
Mondreville
4%
Montchauvet
4%
Mulcent
4%
Prunay-le-Temple
4%
Saint-Illiers-le-Bois
4%
Saint-Martin-des-Champs
4%
Le Tertre-Saint-Denis
3%
Ménerville
3%
Montalet-le-Bois
3%
Aucun quiz correspondant
Distribution des résultats
% des personnes avec chaque résultat
Percentile par nombre de réponses
Votre historique - résultats
Vous n’avez pas pris ce quiz depuis la dernière actualisation